000 00362nam a2200145 i 4500
001 bg
100 1 _aDZIKIEWICZ, Lech
245 0 _aMaterialna odpowiedzialność pracownika /
_cLech Dzikiewicz.
260 _aWarszawa,
_c1977.
040 _cBPK
041 _apol
080 _a351.83:347.4/.5(438)
942 _cKS
008 s pl f |000 0 pol
999 _c18120
_d18120
856 _uhttp://koha.tu.koszalin.pl/cgi-bin/koha/opac-detail.pl?biblionumber=18120
_yKatalog online BPK